00904nam a2200205 a 450000100100000000500170001000800410002702000150006804000250008308200260010811000520013424501910018625000370037726000510041430000210046565000470048670000450053370000480057874000720062600004848720250220104609.0190325s2014 dr r 000 spa d a9993490962 aDO-SdBNPbspacBNPHU aR -348.7293028bR426i1 aRepública Dominicana.bMinisterio de Defensa. 0aÍndice de la legislación militar dominicana, 1844-2013. /cCompilado y actualizado por Ana Marina Méndez Gómez, Miledys Marmolejos de Carvajal y Ana Nilda Pichardo de los Santos. a2 da. ed., corregida y aumentada aSanto Domingo :bMinisterio de Defensa,c2014. a434 p. ;c28 cm. 4aDerechozRepública DominicanavÍNDICES aMéndez Gómez, Ana Marinaecompilador aMarmolejos de Carvajal, Miledysecompilador0 aLey orgánica de las Fuerzas Armadas de la República Dominicana.